[Event "1st league of Central Serbia"]
[Site "Vrnjacka Banja"]
[Date "2006.10.26"]
[Round "7.1"]
[White "Simic, Dragisa"]
[Black "Djokic, Nenad"]
[Result "1/2-1/2"]
[WhiteElo "2332"]
[BlackElo "2325"]
[PlyCount "27"]
[EventDate "2006.09.09"]

1. e4 c5 2. Nf3 Nc6 3. d4 cxd4 4. Nxd4 Nf6 5. Nc3 e5 6. Ndb5 d6 7. Bg5 a6 8.
Na3 b5 9. Bxf6 gxf6 10. Nd5 f5 11. c3 Bg7 12. exf5 Bxf5 13. Nc2 Be6 14. Nce3
1/2-1/2

[Event "1st league of Central Serbia"]
[Site "Vrnjacka Banja"]
[Date "2006.10.26"]
[Round "7.2"]
[White "Andonov, Bogomil"]
[Black "Nikolic, Zivoslav"]
[Result "1-0"]
[WhiteElo "2391"]
[BlackElo "2426"]
[PlyCount "211"]
[EventDate "2006.09.09"]

1. Nf3 Nf6 2. c4 d6 3. d4 g6 4. Nc3 Bg7 5. e4 O-O 6. h3 c5 7. d5 a6 8. a4 e6 9.
Bd3 exd5 10. exd5 Re8+ 11. Kf1 b6 12. Bg5 Nbd7 13. Qd2 Qe7 14. g3 Qf8 15. Kg2
Bb7 16. Rhe1 Rxe1 17. Rxe1 Re8 18. Rxe8 Qxe8 19. Qe2 Qxe2 20. Bxe2 Kf8 21. Ne1
Ne8 22. Bd2 Nc7 23. b3 Ke7 24. Nc2 b5 25. Ne3 b4 26. Ncd1 a5 27. g4 Nb6 28. Kg3
Bc8 29. Bd3 Bd7 30. Bc2 Bd4 31. Bc1 Ne8 32. f4 Ng7 33. Kf3 h5 34. Nf2 hxg4+ 35.
hxg4 Be8 36. Nh1 Nd7 37. Ng3 f6 38. Ne2 Bxe3 39. Bxe3 Kf7 40. Ng3 Ke7 41. Bc1
Bf7 42. Bb2 Ne8 43. Ne4 Kf8 44. Kg2 Bg8 45. Kh3 Bh7 46. Kh4 Kf7 47. Kg3 Bg8 48.
Kf3 Bh7 49. Bc1 Kg7 50. Be3 Kf7 51. Bf2 Kf8 52. Bg3 Ke7 53. Kg2 Nf8 54. Kh3 Nd7
55. Kh4 Nf8 56. Bb1 Nd7 57. Bd3 Nf8 58. Bf2 Nd7 59. Be3 Ng7 60. Kg3 Ne8 61. Kf3
Ng7 62. Bc1 Ne8 63. Bb2 Kf7 64. Nd2 Ke7 65. Nf1 Kf7 66. Ne3 Ke7 67. Ng2 Kf7 68.
Nh4 Nf8 69. Be4 Ke7 70. Ke3 Ng7 71. Nf3 Ne8 72. Bc1 Kf7 73. Bd2 Nd7 74. Be1 Ke7
75. Bh4 Ng7 76. Bc2 Kf7 77. Nd2 Ne8 78. Ne4 Ke7 79. Ng3 Kf7 80. Be4 Ng7 81. Bd3
Ne8 82. Ne4 Nf8 83. Bc2 Nd7 84. Kf3 Nf8 85. Bxf6 Nxf6 86. Nxd6+ Ke7 87. Nb7
N8d7 88. g5 Ne8 89. Nxa5 Nb8 90. Nb7 Na6 91. Kg4 Ng7 92. Be4 Kd7 93. Na5 Nb8
94. Nb7 Na6 95. Na5 Nb8 96. Nc6 Nxc6 97. dxc6+ Kd6 98. a5 Ne6 99. a6 Nc7 100.
a7 Ke6 101. Bd5+ Kd6 102. Kf3 Ke7 103. Ke3 Ke8 104. Ke4 Kd8 105. Ke5 Ke7 106.
Be4 1-0

[Event "1st league of Central Serbia"]
[Site "Vrnjacka Banja"]
[Date "2006.10.26"]
[Round "7.2"]
[White "Pap, Misa"]
[Black "Muratovic, Alija"]
[Result "1-0"]
[WhiteElo "2409"]
[BlackElo "2445"]
[PlyCount "69"]
[EventDate "2006.09.09"]

1. e4 e5 2. Nf3 Nc6 3. d4 exd4 4. Bc4 Bc5 5. O-O Nf6 6. e5 d5 7. Bb5 Ne4 8.
Nxd4 Bxd4 9. Qxd4 O-O 10. Bxc6 bxc6 11. f3 Ng5 12. Bxg5 Qxg5 13. Nc3 f6 14.
Rae1 Ba6 15. f4 fxe5 16. Rxe5 Qg6 17. Rfe1 Qf6 18. g3 Kh8 19. Na4 Bc8 20. c3
Bf5 21. Re7 Qg6 22. Nc5 Rae8 23. Qe5 Be4 24. Nxe4 Rxe7 25. Qxe7 Re8 26. f5 Qh5
27. Qxc7 dxe4 28. Qxc6 e3 29. f6 gxf6 30. Qxf6+ Kg8 31. Qh4 Qd5 32. Qg4+ Kf8
33. Rf1+ Ke7 34. Rd1 Qc6 35. Qg7+ 1-0

[Event "1st league of Central Serbia"]
[Site "Vrnjacka Banja"]
[Date "2006.10.26"]
[Round "7.2"]
[White "Milosavljevic, Milisav"]
[Black "Jovanovic, Drasko"]
[Result "1/2-1/2"]
[WhiteElo "2185"]
[BlackElo "2261"]
[PlyCount "61"]
[EventDate "2006.09.09"]

1. Nf3 Nf6 2. c4 g6 3. g3 Bg7 4. Bg2 O-O 5. O-O d6 6. d4 c5 7. dxc5 dxc5 8. Ne5
Qc7 9. Nd3 Nc6 10. Nc3 Rd8 11. Bf4 e5 12. Bg5 Nb4 13. a3 Nxd3 14. Nd5 Qd6 15.
Qxd3 h6 16. Nxf6+ Bxf6 17. Qxd6 Rxd6 18. Bxh6 g5 19. h4 gxh4 20. Be3 Bg4 21.
Bxb7 Rb8 22. Bd5 Rxb2 23. Bxc5 Rd7 24. f3 Bh3 25. Rfe1 hxg3 26. Rab1 Ra2 27.
Ra1 Rc2 28. Rac1 Ra2 29. Ra1 Rc2 30. Rac1 Ra2 31. Ra1 1/2-1/2

[Event "1st league of Central Serbia"]
[Site "Vrnjacka Banja"]
[Date "2006.10.26"]
[Round "7.2"]
[White "Jovanovic, Bojan"]
[Black "Djakovac, Enes"]
[Result "1-0"]
[WhiteElo "2296"]
[BlackElo "2219"]
[PlyCount "55"]
[EventDate "2006.09.09"]

1. d4 d5 2. c4 c6 3. Nf3 Nf6 4. Nc3 dxc4 5. a4 Bf5 6. e3 Na6 7. Bxc4 Nb4 8. e4
Bg4 9. Ne5 e6 10. Nxg4 Nxg4 11. O-O Qh4 12. Bf4 Nf6 13. Bg3 Qg5 14. f4 Qa5 15.
f5 O-O-O 16. Kh1 Bc5 17. fxe6 Rxd4 18. Qe2 b6 19. exf7 Rhd8 20. e5 Nfd5 21. Nb5
cxb5 22. axb5 Qxa1 23. Rxa1 Ne3 24. Be6+ Kb8 25. Bb3 Nf5 26. Bf2 Rd2 27. Qxd2
Rxd2 28. Bxc5 1-0

[Event "1st league of Central Serbia"]
[Site "Vrnjacka Banja"]
[Date "2006.10.26"]
[Round "7.2"]
[White "Milosavljevic, Zoran"]
[Black "Skakic, Zeljko"]
[Result "0-1"]
[WhiteElo "2204"]
[BlackElo "2198"]
[PlyCount "52"]
[EventDate "2006.09.09"]

1. e4 c6 2. d4 d5 3. exd5 cxd5 4. Bd3 Nc6 5. c3 g6 6. Nf3 Nh6 7. O-O Bf5 8. Re1
Bxd3 9. Qxd3 Bg7 10. Nbd2 O-O 11. Nb3 b6 12. Bf4 Nf5 13. Re2 Nd6 14. Rae1 Nc4
15. Nbd2 b5 16. Nb3 b4 17. Nc5 bxc3 18. Qxc3 Rc8 19. b3 Nd6 20. Qd3 Nxd4 21.
Nxd4 Rxc5 22. Rxe7 Ne4 23. Rxa7 Rc3 24. Qf1 Nxf2 25. Kxf2 Qh4+ 26. Kg1 Bxd4+
0-1

[Event "1st league of Central Serbia"]
[Site "Vrnjacka Banja"]
[Date "2006.10.26"]
[Round "7.2"]
[White "Stankovic, Dragan"]
[Black "Ikic, Alija"]
[Result "1-0"]
[WhiteElo "2240"]
[BlackElo "2142"]
[PlyCount "81"]
[EventDate "2006.09.09"]

1. d4 d6 2. c4 Nf6 3. Nc3 g6 4. e4 Bg7 5. f4 c5 6. d5 O-O 7. Nf3 e6 8. Be2 exd5
9. cxd5 Na6 10. O-O Nc7 11. a4 Re8 12. Nd2 b6 13. Bf3 Rb8 14. Re1 Ba6 15. h3 h5
16. Ndb1 Nd7 17. Na3 Bd4+ 18. Be3 Bxe3+ 19. Rxe3 Qf6 20. g3 Qd4 21. Qe1 c4 22.
Nc2 Qc5 23. Kg2 Bb7 24. Qd2 Nf6 25. Rd1 Nd7 26. Rde1 Nf6 27. g4 hxg4 28. hxg4
a6 29. g5 Nh7 30. Qf2 f6 31. gxf6 Nxf6 32. Qh4 Kf7 33. Qg5 Nh7 34. Qg3 b5 35.
f5 g5 36. f6 Kf8 37. Rh1 Nxf6 38. Qxg5 Ke7 39. Rh7+ Kd8 40. Qxf6+ Kc8 41. Bg4+
1-0

[Event "1st league of Central Serbia"]
[Site "Vrnjacka Banja"]
[Date "2006.10.26"]
[Round "7.3"]
[White "Cabarkapa, Miomir"]
[Black "Dochev, Dimitar"]
[Result "1-0"]
[WhiteElo "2214"]
[BlackElo "2387"]
[PlyCount "90"]
[EventDate "2006.09.09"]

1. Nf3 Nf6 2. d4 g6 3. g3 Bg7 4. Bg2 O-O 5. O-O d6 6. c4 Nc6 7. Nc3 a6 8. e4
Bg4 9. h3 Bxf3 10. Bxf3 Nd7 11. Be3 e5 12. d5 Nd4 13. Bg2 c5 14. dxc6 bxc6 15.
Ne2 c5 16. Qd2 Nb6 17. Qd3 Ra7 18. Nc3 Kh8 19. Rab1 f5 20. b3 f4 21. Bxd4 exd4
22. Ne2 g5 23. g4 Nd7 24. f3 Ne5 25. Qd2 h5 26. Nc1 a5 27. Nd3 Nxd3 28. Qxd3
Be5 29. Rf2 Kg7 30. Bf1 hxg4 31. hxg4 Rh8 32. Rbb2 Kf6 33. Rh2 Rah7 34. Rxh7
Rxh7 35. Rh2 Rh4 36. Rxh4 gxh4 37. g5+ Kg7 38. Qe2 Qxg5+ 39. Qg2 Qg3 40. Qxg3+
fxg3 41. Kg2 Kf6 42. f4 Bxf4 43. Kf3 Ke5 44. Bg2 d3 45. Bf1 d2 1-0

[Event "1st league of Central Serbia"]
[Site "Vrnjacka Banja"]
[Date "2006.10.26"]
[Round "7.3"]
[White "Trifunovic, Miroljub"]
[Black "Jovcic, Zoran"]
[Result "1-0"]
[WhiteElo "2247"]
[BlackElo "2172"]
[PlyCount "65"]
[EventDate "2006.09.09"]

1. e4 c5 2. d3 Nc6 3. g3 g6 4. Bg2 Bg7 5. c3 d6 6. f4 Nf6 7. Nf3 O-O 8. O-O Bd7
9. Qe2 a6 10. a4 Rb8 11. e5 Ne8 12. Be3 b5 13. axb5 axb5 14. d4 b4 15. Rd1 bxc3
16. Nxc3 cxd4 17. Nxd4 Nxd4 18. Bxd4 Be6 19. Ba7 Rb4 20. Bf2 Qb8 21. Ra8 Qc7
22. Bd5 dxe5 23. Ra7 Qb8 24. Ra8 Qc7 25. Bxe6 fxe6 26. Rdd8 Qc6 27. Rac8 Nc7
28. Rxf8+ Bxf8 29. Qxe5 Qd6 30. Qxd6 exd6 31. Rxc7 Rxb2 32. Ne4 Bg7 33. Rxg7+
1-0

[Event "1st league of Central Serbia"]
[Site "Vrnjacka Banja"]
[Date "2006.10.26"]
[Round "7.3"]
[White "Cvetkovic, Nemanja"]
[Black "Gajic, Branko"]
[Result "1-0"]
[WhiteElo "2179"]
[BlackElo "2171"]
[PlyCount "129"]
[EventDate "2006.09.09"]

1. d4 d5 2. c4 c6 3. Nc3 Nf6 4. Nf3 e6 5. cxd5 cxd5 6. Bg5 Be7 7. e3 Nc6 8. Bd3
O-O 9. O-O a6 10. Rc1 Bd7 11. a3 Na5 12. Ne5 b5 13. a4 Nc4 14. Qc2 h6 15. Nxd7
Qxd7 16. Bxf6 Bxf6 17. b3 Nd6 18. Qe2 b4 19. Nd1 a5 20. Nb2 Rfc8 21. Bb5 Nxb5
22. axb5 Rxc1 23. Rxc1 Rb8 24. Rc6 Qb7 25. Ra6 Qxb5 26. Qxb5 Rxb5 27. Ra8+ Kh7
28. Nd3 g5 29. Kf1 Kg6 30. Ke2 Kg7 31. Ra7 Kg6 32. Nc5 Bg7 33. Nd7 h5 34. Kd2
Kh6 35. Ra6 Rb7 36. Nb6 Kh7 37. Na4 Rb5 38. Ra8 Kg6 39. Nc5 Bf6 40. Ra7 Bg7 41.
Nb7 e5 42. Nd6 Rb6 43. Nc8 Rf6 44. f3 exd4 45. exd4 Rf4 46. Ne7+ Kh7 47. Nc6 g4
48. Ke3 Bh6 49. Kf2 gxf3 50. gxf3 Bg7 51. Rxa5 Rf5 52. Ke3 Bh6+ 53. Ke2 Bg7 54.
Nxb4 Bxd4 55. Rxd5 Rf4 56. Rxh5+ Kg6 57. Nd5 Kxh5 58. Nxf4+ Kh4 59. b4 Be5 60.
Ke3 Kg5 61. Ne2 Kh4 62. b5 Kh3 63. b6 Kxh2 64. b7 f5 65. Nd4 1-0

[Event "1st league of Central Serbia"]
[Site "Vrnjacka Banja"]
[Date "2006.10.26"]
[Round "7.3"]
[White "Dragasevic, Dragan"]
[Black "Ravic, Nenad"]
[Result "1-0"]
[WhiteElo "2149"]
[BlackElo "2151"]
[PlyCount "83"]
[EventDate "2006.09.09"]

1. d4 d5 2. Nf3 Nf6 3. c4 e6 4. Bg5 Be7 5. Nc3 h6 6. Bh4 O-O 7. e3 b6 8. cxd5
Nxd5 9. Bxe7 Qxe7 10. Nxd5 exd5 11. Qb3 Be6 12. Be2 c5 13. O-O c4 14. Qc2 Nc6
15. Rfd1 Nb4 16. Qb1 Qf6 17. a3 Bf5 18. Qc1 Nc6 19. Nd2 Rac8 20. Bf3 Rfd8 21.
Qc3 b5 22. Nf1 a5 23. Ng3 Bg6 24. Nh5 Bxh5 25. Bxh5 Ra8 26. Bf3 Qe7 27. Qc2 Ra7
28. h3 Qd6 29. Rdc1 Rc8 30. Rd1 b4 31. Qa4 bxa3 32. bxa3 Rb7 33. Rab1 Rcb8 34.
Rxb7 Rxb7 35. e4 Qd7 36. exd5 Nxd4 37. Qxc4 Nxf3+ 38. gxf3 Qxh3 39. Qd3 Qd7 40.
d6 Rb6 41. Qd5 Rc6 42. Qxc6 1-0

[Event "1st league of Central Serbia"]
[Site "Vrnjacka Banja"]
[Date "2006.10.26"]
[Round "7.3"]
[White "Jakovljevic, Zivota"]
[Black "Jocovic, Slobodan"]
[Result "1-0"]
[WhiteElo "2127"]
[BlackElo "2252"]
[PlyCount "81"]
[EventDate "2006.09.09"]

1. d4 d5 2. c4 c6 3. e3 Nf6 4. Nc3 Bf5 5. Nf3 e6 6. Bd3 Bxd3 7. Qxd3 Bb4 8. O-O
O-O 9. Bd2 Nbd7 10. b3 Qe7 11. Nb1 Bd6 12. Nc3 e5 13. dxe5 Nxe5 14. Nxe5 Bxe5
15. cxd5 Rfd8 16. Rad1 Nxd5 17. Qc4 Nb6 18. Qe2 Rd7 19. Nb1 Rad8 20. g3 h6 21.
Rc1 Nd5 22. Qc4 Qf6 23. Kg2 Nb6 24. Qe2 Qg6 25. Ba5 Bc7 26. Bxb6 Bxb6 27. Qf3
Qe6 28. Rc4 Qd5 29. Rc2 Qe5 30. Na3 Qe6 31. Nb1 Rd5 32. Nc3 Rd2 33. Rxd2 Rxd2
34. Rd1 Rc2 35. Rd3 Qg6 36. Ne4 Rxa2 37. Rd6 f6 38. Nxf6+ gxf6 39. Rxf6 Qg7 40.
Qf5 Bxe3 41. Qe6+ 1-0

[Event "1st league of Central Serbia"]
[Site "Vrnjacka Banja"]
[Date "2006.10.26"]
[Round "7.4"]
[White "Misailovic, Nebojsa"]
[Black "Markovic, Zoran S"]
[Result "1/2-1/2"]
[WhiteElo "2348"]
[BlackElo "2370"]
[PlyCount "58"]
[EventDate "2006.09.09"]

1. e4 c5 2. Nc3 Nc6 3. g3 g6 4. Bg2 Bg7 5. d3 e6 6. Be3 Qa5 7. Nge2 Nd4 8. O-O
Ne7 9. f4 O-O 10. e5 d6 11. Nxd4 cxd4 12. Bxd4 Nf5 13. Bf2 dxe5 14. fxe5 Qxe5
15. Qd2 Qc7 16. Nb5 Qd8 17. c3 Bd7 18. Na3 Qc7 19. Nc2 Bc6 20. Bxc6 Qxc6 21.
Ne3 Nd6 22. Ng2 e5 23. Qe3 b6 24. a4 Rab8 25. Qe2 f5 26. Be3 Nb7 27. Qf3 Qd7
28. Rfd1 Qf7 29. Qf2 Rbd8 1/2-1/2

[Event "1st league of Central Serbia"]
[Site "Vrnjacka Banja"]
[Date "2006.10.26"]
[Round "7.4"]
[White "Organdziev, Oliver"]
[Black "Radovanovic, Dusan"]
[Result "1-0"]
[WhiteElo "2296"]
[BlackElo "2380"]
[PlyCount "126"]
[EventDate "2006.09.09"]

1. e4 c5 2. Nf3 e6 3. d4 cxd4 4. Nxd4 Nc6 5. Nc3 Nf6 6. Nxc6 bxc6 7. e5 Nd5 8.
Nxd5 cxd5 9. Bd3 Ba6 10. O-O Bxd3 11. Qxd3 Qc7 12. Re1 Rc8 13. c3 h6 14. a4 g6
15. Be3 Bg7 16. Bd4 O-O 17. b4 a5 18. b5 d6 19. f4 dxe5 20. fxe5 Qb8 21. Qb1
Rc4 22. b6 Qb7 23. Qb5 Ra8 24. Rab1 Bf8 25. Re2 Rac8 26. Qxa5 Ra8 27. Qb5 Rcxa4
28. Rf2 R4a5 29. Qf1 Bc5 30. Rfb2 Rc8 31. Rb5 Bxd4+ 32. cxd4 Rxb5 33. Qxb5 Kg7
34. h3 Rc4 35. Rb4 Rc6 36. Kh2 Rc8 37. Qf1 Rb8 38. Qb5 Rc8 39. Qa4 Ra8 40. Qb3
Rb8 41. Rb5 Qc6 42. b7 Qc4 43. Qb2 Qf1 44. Rb4 Qf4+ 45. Kg1 Qe3+ 46. Kh1 Qe1+
47. Kh2 Qf1 48. Qc3 Qf4+ 49. Kg1 Qe4 50. Rb2 h5 51. Rb6 Qe2 52. Rb1 Qc4 53. Qb2
Qa6 54. Kf2 Qd3 55. Qb4 h4 56. Kg1 Qe3+ 57. Kh2 Qf4+ 58. Kh1 Qe4 59. Rf1 Qe2
60. Rf3 Qd1+ 61. Kh2 Kg8 62. Qe7 Qxd4 63. Qxf7+ Kh8 1-0

[Event "1st league of Central Serbia"]
[Site "Vrnjacka Banja"]
[Date "2006.10.26"]
[Round "7.4"]
[White "Pavlovic, S  Dejan"]
[Black "Panic, Nenad"]
[Result "1-0"]
[WhiteElo "2340"]
[BlackElo "2342"]
[PlyCount "63"]
[EventDate "2006.09.09"]

1. e4 c5 2. Nf3 e6 3. d4 cxd4 4. Nxd4 a6 5. Bd3 Nc6 6. Nxc6 dxc6 7. Nd2 e5 8.
Qh5 Bd6 9. Nc4 Ne7 10. Bd2 Ng6 11. O-O-O Bc7 12. g3 Be6 13. Rhf1 b5 14. Ne3 O-O
15. Nf5 Ba5 16. Bg5 Qc7 17. Nxg7 Bxa2 18. Bf6 Qd6 19. Qf5 Be6 20. Qg5 Bd8 21.
Nh5 Bg4 22. Be2 Bxf6 23. Qxf6 Qxf6 24. Nxf6+ Kg7 25. Nxg4 a5 26. h4 Rfc8 27. h5
Nf8 28. h6+ Kg6 29. Rd6+ Ne6 30. Nxe5+ Kxh6 31. Nxf7+ Kg7 32. Rxe6 1-0

[Event "1st league of Central Serbia"]
[Site "Vrnjacka Banja"]
[Date "2006.10.26"]
[Round "7.4"]
[White "Jovic, Stanoje"]
[Black "Civric, Zdravko"]
[Result "1-0"]
[WhiteElo "2330"]
[BlackElo "2205"]
[PlyCount "131"]
[EventDate "2006.09.09"]

1. c4 c5 2. Nf3 g6 3. g3 Bg7 4. Bg2 Nc6 5. O-O Nh6 6. d4 cxd4 7. Bxh6 Bxh6 8.
Nxd4 O-O 9. Nc3 Qb6 10. Nb3 d6 11. Nd5 Qd8 12. e3 Bg7 13. Qe2 e6 14. Nf4 Qc7
15. Rfd1 Rd8 16. Rac1 Rb8 17. Rd2 a6 18. Nd5 Qd7 19. Nc3 Qe7 20. Rcd1 Qc7 21.
Ne4 Bf8 22. h4 b6 23. Rc1 h5 24. Nf6+ Kg7 25. Nd5 Qd7 26. Nf4 Qc7 27. a3 Ne5
28. Nd4 Qe7 29. Nc6 Nxc6 30. Bxc6 Bb7 31. Bxb7 Qxb7 32. b3 Be7 33. Rcd1 b5 34.
cxb5 Qxb5 35. Qxb5 Rxb5 36. b4 Rc8 37. Ne2 Rb7 38. Rc1 Rxc1+ 39. Nxc1 a5 40.
bxa5 Rb5 41. a4 Rxa5 42. Ra2 d5 43. Nb3 Ra6 44. Kf1 e5 45. Ke2 Kf6 46. Kd3 Bb4
47. e4 Rc6 48. Nd2 Bxd2 49. exd5 Rd6 50. Rxd2 Rxd5+ 51. Kc3 Rc5+ 52. Kb4 Rc1
53. Ra2 Ke6 54. a5 Kd6 55. a6 Rb1+ 56. Kc4 Rc1+ 57. Kd3 Rc8 58. a7 Ra8 59. Kc4
Kc6 60. Ra5 Kb7 61. Kd5 Rd8+ 62. Kxe5 Ka8 63. Kf6 Rd7 64. Ra4 Rd2 65. Rf4 Rd7
66. Kg7 1-0

[Event "1st league of Central Serbia"]
[Site "Vrnjacka Banja"]
[Date "2006.10.26"]
[Round "7.5"]
[White "Sredojevic, Ivan"]
[Black "Marjanovic, Slavoljub"]
[Result "1/2-1/2"]
[WhiteElo "2349"]
[BlackElo "2494"]
[PlyCount "44"]
[EventDate "2006.09.09"]

1. e4 c5 2. Nf3 d6 3. d4 cxd4 4. Nxd4 Nf6 5. Nc3 a6 6. Be3 e5 7. Nb3 Be6 8. f3
Be7 9. Qd2 O-O 10. O-O-O Nbd7 11. g4 b5 12. g5 b4 13. Nd5 Nxd5 14. exd5 Bf5 15.
h4 a5 16. Bd3 Bxd3 17. Qxd3 f5 18. Kb1 a4 19. Nd2 Qa5 20. Nc4 Qa6 21. Rh2 f4
22. Bg1 Rfc8 1/2-1/2

[Event "1st league of Central Serbia"]
[Site "Vrnjacka Banja"]
[Date "2006.10.26"]
[Round "7.5"]
[White "Tosic, Miroslav"]
[Black "Rabrenovic, Vladan"]
[Result "1-0"]
[WhiteElo "2442"]
[BlackElo "2320"]
[PlyCount "75"]
[EventDate "2006.09.09"]

1. d4 Nf6 2. c4 g6 3. Nc3 d5 4. Bg5 Ne4 5. Bh4 Nxc3 6. bxc3 Bg7 7. e3 c5 8. Nf3
Nc6 9. Rc1 O-O 10. cxd5 Qxd5 11. c4 Qd7 12. d5 Nb4 13. Qb3 e6 14. a3 Na6 15.
Be2 Nc7 16. O-O e5 17. e4 Qd6 18. Ne1 b6 19. Nd3 f5 20. f4 exf4 21. e5 Bxe5 22.
Nxe5 Qxe5 23. Bf3 Qd6 24. Rce1 Rf7 25. Bg5 Bd7 26. Be2 Ne8 27. Bxf4 Qf8 28. Qg3
Nf6 29. Bf3 Ne4 30. Bxe4 fxe4 31. Bd6 Qg7 32. Be5 Qf8 33. Bb2 Rf5 34. Qc3 h5
35. Qh8+ Kf7 36. Qh7+ Ke8 37. Qxg6+ Kd8 38. Bf6+ 1-0

[Event "1st league of Central Serbia"]
[Site "Vrnjacka Banja"]
[Date "2006.10.26"]
[Round "7.5"]
[White "Colovic, Dusan"]
[Black "Maksimovic, Branimir"]
[Result "1-0"]
[WhiteElo "2357"]
[BlackElo "2385"]
[PlyCount "85"]
[EventDate "2006.09.09"]

1. d4 e6 2. Bf4 c5 3. c3 Nf6 4. e3 Be7 5. Nf3 Nh5 6. Bg3 cxd4 7. cxd4 Nc6 8.
Nc3 Nxg3 9. hxg3 d5 10. Bd3 Bd7 11. Qe2 Qb6 12. O-O O-O 13. Kh2 Qd8 14. Rh1 Bf6
15. Kg1 g6 16. Rd1 Bg7 17. e4 Rc8 18. e5 a6 19. Qe3 f6 20. exf6 Qxf6 21. Rh4
Rce8 22. Bc2 b5 23. Bb3 h6 24. Rf4 Qd8 25. Ne2 g5 26. Rxf8+ Rxf8 27. Ne5 Nxe5
28. dxe5 Qc7 29. f4 Rc8 30. Nd4 Qb6 31. fxg5 hxg5 32. Qxg5 Rf8 33. Bc2 Rc8 34.
Bg6 Rc4 35. Qh4 Rxd4 36. Rxd4 Be8 37. Bh7+ Kf8 38. Kh2 Bxe5 39. Rd3 Bf7 40. Rf3
Ke8 41. Qg5 Qd6 42. b4 Bh8 43. Bg8 1-0

[Event "1st league of Central Serbia"]
[Site "Vrnjacka Banja"]
[Date "2006.10.26"]
[Round "7.5"]
[White "Miljkovic, Miroslav"]
[Black "Irizanin, Radoje"]
[Result "0-1"]
[WhiteElo "2399"]
[BlackElo "2301"]
[PlyCount "46"]
[EventDate "2006.09.09"]

1. e4 c5 2. Nf3 g6 3. Bc4 Bg7 4. O-O Nc6 5. c3 e5 6. d4 exd4 7. cxd4 cxd4 8.
Bg5 Nge7 9. e5 O-O 10. Nbd2 d6 11. exd6 Qxd6 12. Ne4 Qb4 13. Rc1 Bg4 14. a3
Qxb2 15. h3 Bxf3 16. Qxf3 Ne5 17. Qf4 Nxc4 18. Bxe7 Rfe8 19. Rb1 Qe2 20. Rxb7
Nd2 21. Qxd2 Qxe4 22. Qb4 a5 23. Re1 axb4 0-1

[Event "1st league of Central Serbia"]
[Site "Vrnjacka Banja"]
[Date "2006.10.26"]
[Round "7.5"]
[White "Mirkovic, Stevan"]
[Black "Perunovic, Miodrag"]
[Result "0-1"]
[WhiteElo "2214"]
[BlackElo "2376"]
[PlyCount "144"]
[EventDate "2006.09.09"]

1. Nf3 Nf6 2. c4 c5 3. d4 cxd4 4. Nxd4 e6 5. Nc3 Bb4 6. Qd3 O-O 7. g3 d5 8. Bg2
Nc6 9. Nxc6 bxc6 10. cxd5 cxd5 11. Bd2 a5 12. O-O Ba6 13. Qf3 Rb8 14. Rfd1 Qe7
15. Rac1 Bd6 16. b3 Ba3 17. Rb1 Rfc8 18. Bf4 Rb6 19. e4 Rbc6 20. Be5 Nxe4 21.
Nxe4 dxe4 22. Qxe4 Rc2 23. Bd4 Bb4 24. Rb2 Rc1 25. Rb1 R1c7 26. Be3 Ba3 27. Qe5
Be2 28. Re1 Bd3 29. Rbd1 Bc2 30. Bb6 Bxd1 31. Bxc7 Bxb3 32. Bxa5 Bxa2 33. Bh3
Bd6 34. Qb2 Bd5 35. Bc3 Rb8 36. Qd2 Qb7 37. Rd1 Bf8 38. Bd4 h6 39. Bf1 Bf3 40.
Rc1 Be7 41. Qf4 Bg5 42. Qe5 Bf6 43. Qf4 e5 44. Bxe5 Bg5 45. Bxb8 Bxf4 46. Bxf4
Qd7 47. Rc3 Bb7 48. Bc1 Qd5 49. f3 Qd4+ 50. Re3 Bxf3 51. Kf2 Bc6 52. Ke1 Be4
53. Bd2 f5 54. Rc3 Qg1 55. Be3 Qxh2 56. Bd4 Qh1 57. Kf2 Bd5 58. Re3 Kf7 59. Bc5
g5 60. Re7+ Kf6 61. Re3 h5 62. Bd4+ Kg6 63. Bc3 h4 64. gxh4 Qxh4+ 65. Kg1 Qh1+
66. Kf2 Qh2+ 67. Ke1 g4 68. Be5 f4 69. Re2 Qg3+ 70. Rf2 Qe3+ 71. Re2 Qc1+ 72.
Kf2 g3+ 0-1

[Event "1st league of Central Serbia"]
[Site "Vrnjacka Banja"]
[Date "2006.10.26"]
[Round "7.5"]
[White "Miljkovic, Mihajlo"]
[Black "Radivojevic, Miladin"]
[Result "0-1"]
[WhiteElo "2280"]
[BlackElo "2180"]
[PlyCount "104"]
[EventDate "2006.09.09"]

1. d4 Nf6 2. c4 g6 3. Nc3 Bg7 4. e4 O-O 5. f4 d6 6. Nf3 c5 7. d5 b5 8. cxb5 a6
9. a4 Qa5 10. Bd2 Qb4 11. Qc2 axb5 12. Bxb5 Qa5 13. O-O Na6 14. Na2 Qb6 15. Kh1
Bb7 16. Rae1 Nc7 17. Bc4 Qa7 18. b3 Ba6 19. Nc3 Ng4 20. h3 Nf6 21. Qd3 Nh5 22.
Kh2 Bxc4 23. Qxc4 Rfb8 24. Ne2 Qb7 25. Rb1 f5 26. Bc3 fxe4 27. Qxe4 Nxd5 28.
Qe6+ Kh8 29. Bd2 Nc7 30. Qe3 Rf8 31. Ng5 e5 32. fxe5 Bxe5+ 33. Kh1 Nd5 34. Qe4
Nhf6 35. Qh4 Qd7 36. Nf3 Qe6 37. Bh6 Rfb8 38. Nxe5 Qxe5 39. Rbe1 Rb4 40. Nf4
Ne4 41. Rxe4 Rxe4 42. Qg3 Ne7 43. Qf3 Nf5 44. Bg5 Rf8 45. Kg1 Kg7 46. g4 Qd4+
47. Kh2 Re3 48. Qf2 h6 49. Bh4 Nxh4 50. Ne6+ Kh7 51. Nxf8+ Kh8 52. Qxh4 Re2+
0-1

[Event "1st league of Central Serbia"]
[Site "Vrnjacka Banja"]
[Date "2006.10.26"]
[Round "7.6"]
[White "Jacimovic, Dragoljub"]
[Black "Nikolic, Stanimir"]
[Result "0-1"]
[WhiteElo "2412"]
[BlackElo "2291"]
[PlyCount "34"]
[EventDate "2006.09.09"]

1. d4 d5 2. c4 c6 3. cxd5 cxd5 4. Nc3 Nc6 5. Bf4 Nf6 6. e3 e6 7. Bd3 Bd6 8.
Bxd6 Qxd6 9. f4 O-O 10. Nf3 Nb4 11. Bb1 b6 12. a3 Nc6 13. Ne5 Bb7 14. O-O Na5
15. Rf3 Rac8 16. Rh3 g6 17. Qe1 Qd8 {Kontumacija-mobilni} 0-1

[Event "1st league of Central Serbia"]
[Site "Vrnjacka Banja"]
[Date "2006.10.26"]
[Round "7.6"]
[White "Mitrovic, Petar"]
[Black "Aleksic, Nenad"]
[Result "1-0"]
[WhiteElo "2392"]
[BlackElo "2366"]
[PlyCount "73"]
[EventDate "2006.09.09"]

1. e4 c5 2. Nf3 d6 3. d4 cxd4 4. Nxd4 Nf6 5. Nc3 a6 6. f3 e6 7. Be3 b5 8. Qd2
Nbd7 9. g4 Nb6 10. g5 Nfd7 11. b3 Bb7 12. O-O-O Rc8 13. Kb1 b4 14. Nce2 d5 15.
Bg2 Bc5 16. h4 O-O 17. h5 dxe4 18. fxe4 Ne5 19. Qe1 Qe7 20. Qg3 Nc6 21. g6 Nxd4
22. Nxd4 fxg6 23. hxg6 h6 24. Bh3 Bxd4 25. Rxd4 Rc6 26. Rhd1 e5 27. Rd7 Nxd7
28. Rxd7 Qe8 29. Rxb7 Rxg6 30. Qe1 a5 31. Bf5 Rg2 32. Qf1 Rg3 33. Qc4+ Kh8 34.
Bxh6 Qh5 35. Bc1 Rc3 36. Qd5 Qh1 37. Qf7 1-0

[Event "1st league of Central Serbia"]
[Site "Vrnjacka Banja"]
[Date "2006.10.26"]
[Round "7.6"]
[White "Novoselski, Zoran"]
[Black "Dmitrovic, Tomislav"]
[Result "1/2-1/2"]
[WhiteElo "2351"]
[BlackElo "2274"]
[PlyCount "68"]
[EventDate "2006.09.09"]

1. d4 d5 2. c4 c6 3. Nf3 Nf6 4. Nc3 a6 5. e3 b5 6. b3 Bg4 7. Bd2 Nbd7 8. Be2 e6
9. O-O Bd6 10. Qc2 O-O 11. h3 Bf5 12. Bd3 b4 13. Na4 Bxd3 14. Qxd3 Qb8 15. c5
Bc7 16. a3 e5 17. Nxe5 Nxe5 18. dxe5 Bxe5 19. Ra2 Qb5 20. Qf5 Rfe8 21. axb4 Ne4
22. Qg4 a5 23. Nb6 Ra7 24. Be1 Qd3 25. Rxa5 Rxa5 26. bxa5 Nxc5 27. Nd7 h5 28.
Nxe5 Qxf1+ 29. Kxf1 hxg4 30. Nxc6 gxh3 31. gxh3 Nxb3 32. Bb4 Ra8 33. Ke2 Ra6
34. Nb8 Ra8 1/2-1/2

[Event "1st league of Central Serbia"]
[Site "Vrnjacka Banja"]
[Date "2006.10.26"]
[Round "7.6"]
[White "Milunovic, Toni"]
[Black "Lazic, Dragoljub"]
[Result "1-0"]
[WhiteElo "2292"]
[BlackElo "2325"]
[PlyCount "61"]
[EventDate "2006.09.09"]

1. e4 c5 2. Nc3 d6 3. f4 Nc6 4. Bb5 Bd7 5. Nf3 g6 6. O-O Bg7 7. Bxc6 Bxc6 8. d3
Nf6 9. Qe1 Nd7 10. a4 a6 11. a5 b5 12. axb6 Nxb6 13. Bd2 e6 14. Nd1 O-O 15. Bc3
Nd7 16. Bxg7 Kxg7 17. Nf2 h6 18. Ra5 f5 19. Qc3+ Kh7 20. Rfa1 fxe4 21. dxe4
Rxf4 22. Rxa6 Rc8 23. Ra7 Rf7 24. Qd2 Qf8 25. c4 Ne5 26. Nxe5 dxe5 27. Ng4 Rcc7
28. Rxc7 Rxc7 29. Rf1 Rf7 30. Rxf7+ Qxf7 31. Qxh6+ 1-0